000 01148cam a2200205 4500
001 WB4001-04
008 040105n2003 000 0 eng u
035 _a(Sirsi) u124707
245 _aCommercial property demand up in second half of 2003
260 _c2003
490 _aGVA Grimley Research
_v10 December 2003 (7)
520 _aThe six-monthly "CBI/GVA Grimley survey of property trends" undertaken in November shows a marked increase in demand for commercial property over the last six months with a balance of 19% of companies surveyed reporting an increase in their property holdings, the highest balance since November 2001. This positive trend is set to continue over the next six months with a balance of 17% respondents expecting to increase their holdings and this increase will be in all UK regions and across all the main commercial property sectors. The survey is available at http://www.gvagrimley.co.uk/x565.xml.
590 _aWB
590 _aWB
650 _aPROPERTY HOLDINGS
650 _aCOMPANIES
650 _aCBI/GVA GRIMLEY SURVEY OF PROPERTY TRENDS
690 _aCOMMERCIAL PROPERTY-INVESTMENT
942 _n0
999 _c116918
_d116918